| 000 | 00578nam a2200205Ia 4500 | ||
|---|---|---|---|
| 003 | OSt | ||
| 005 | 20230405153954.0 | ||
| 008 | 210423s2007 xx 000 0 und d | ||
| 020 | _a1412933943 | ||
| 040 | _cAL | ||
| 041 | _aeng | ||
| 082 |
_a158.32 _223 _b NELR |
||
| 100 |
_aNELSON-JONES(Richard). _983748 |
||
| 245 | _aLife coaching skills: how to develop skilled clients. | ||
| 260 |
_aNew Delhi _bSage Publications _c2007 |
||
| 300 |
_axi,228 _bPB |
||
| 365 |
_b1345 _cINR |
||
| 906 | _aclients. ; coaching ; develop ; how ; Life ; skilled ; skills: | ||
| 942 |
_2ddc _cBK |
||
| 999 |
_c156943 _d156943 |
||